00710nam a22001817a 4500003000400000005001700004008004100021040001400062100003700076245010800113260001000221300002800231500010100259504003200360942001600392999001500408952010500423OSt20171010095438.0120531t xxu||||| |||| 00| 0 eng d aMMSUcULS aPardo, Mary Antonette A. 99819 aEfficacy of anti-mosquito lotion from lanzones (Lansium Domesticum Corr) rindcMary Antonette A. Pardo  c2007  axiv, 41 leaves c28 cm. aThesis (BS Biology) -- Mariano Marcos State University-College of Arts and Sciences, Batac City  aBibliography: leaves 25-26  2ddccTHEDIS c9525d9525 00102lcc4070aREFbREFd2012-05-31l0p3317-Un r2017-10-10w2017-10-10yTHEDISzLibrary Use only